Datum a čas kvízu
32
Celkem bodů
Celkový počet nahraných bodů na tomto kvízu bez doplňovacích otázek.
6.
Pořadí na kvízu
Konečné umístění týmu na tomto kvízu.
Zaznamenané odpovědi
| # | Otázka | Odpověď | Body | Výsledky |
|---|---|---|---|---|
| 1. | Jak se jmenuje funkcionář, jem... | Josef Středula | 1 | |
| 2. | Na mezinárodní vesmírnou stani... | americká (3 členové), ruská (1 člen) | 1 | |
| 3. | Slavnostnímu předávání Oscarů... | Medvídek Pú / Winnie the Pooh | 1 | |
| 4. | Společnost ČEZ podepsala dohod... | z Francie | 1 | |
| 5. | Velmi kuriózní situace nastala... | Buffalo (Sabres), Edmonton (Oilers) | 0 | |
| 6. | Začneme prvním českým králem p... | Přemysl Otakar II., 1278 | 0.5 | |
| 7. | Další „slavnou“ prohrou, která... | ve Francii | 0 | |
| 8. | Za naši slavnou prohru lze ozn... | D | 0 | |
| 9. | Bitva na Bílé hoře v roce 1620... | D) 2 hodiny | 1 | |
| 10. | Napište jména dvou mužů, kteří... | Neville Chamberlain, Édouard Daladier | 0 |